|
|
|
|
| LEADER |
01118nam a22003132a 4500 |
| 001 |
000817909 |
| 003 |
CZ BrMZK |
| 005 |
20060526093538.0 |
| 007 |
ta |
| 008 |
060526s1978 xr er|||||||||||cze d |
| 040 |
|
|
|a ABA001
|b cze
|c BOA001
|d ABA001
|d BOA001
|
| 080 |
|
|
|a 517.9
|2 undef
|
| 080 |
|
|
|a 517.52
|2 undef
|
| 100 |
1 |
|
|a Havelka, Josef
|4 aut
|
| 245 |
1 |
0 |
|a Matematika :
|b Diferenciální rovnice : Nekonečné řady : určeno pro posl. fak. stavební /
|c autoři: Josef Havelka, Josef Chábek
|
| 250 |
|
|
|a 1. vyd.
|
| 260 |
|
|
|a Praha :
|b SNTL,
|c 1978
|f (ST 6)
|
| 300 |
|
|
|a 164 s. ;
|c 4°
|
| 500 |
|
|
|a Obr. v textu
|
| 500 |
|
|
|a 2042 výt.
|
| 550 |
|
|
|a Vydavatel: VUT Brno. Fakulta stavební
|
| 700 |
1 |
|
|a Chábek, Josef,
|d 1925-1983
|7 jz8000422
|4 aut
|
| 710 |
2 |
|
|a Vysoké učení technické v Brně
|7 kn20010709205
|
| 910 |
|
|
|a BOA001
|b TK-A-0197.509
|
| 990 |
|
|
|a BK
|
| 995 |
|
|
|a 01
|
| 991 |
|
|
|b 200605
|
| 996 |
7 |
|
|b 2629952403
|c TK-A-0197.509
|l MZK
|r Sklad / do 24 hodin
|n 2
|w 000817909
|u 000040
|a 1
|e BOA001
|j MZK50
|s A
|
| 996 |
6 |
|
|b BC-314461
|c TK-A-0197.509
|l MZK
|r Sklad / do 24 hodin
|n 0
|w 000817909
|u 000050
|a 1
|e BOA001
|j MZK50
|s P
|